1954 1468 1951 1796 1018 1233 1397 1435 1182 1957 1943 1589 1682 1478 1313 1689 1604 1888 1276 1164 1514 1582 1734 1869 1574 1306 1715 1239 1040 1326 1693 1622 1171 1852 1192 1742 1414 1618 1340 1062 1312 1430 1264 1423 1386 1659 1764 1377 1790 1382 1244 1689 1447 1805 1793 1702 1237 1131 1802 1806 1303 1267 1746 1002 1872 1518 1509 1774 1513 1744 1447 1410 1578 1184 1095 1566 1455 1466 1477 1736 1853 1464 1461 1318 1817 1279 1507 1947 1230 1464 1120 1725 1864 1776 1658 1689 1766 1873 1390 BCNSPRNW ULIB Ver.6.0+V

เปลี่ยนเป็นภาษาไทย

Change to English
 แสดงรายละเอียดบรรณานุกรม
  กลับหน้าหลัก

Brief Record : Get Marc (ISO 2709) : E-mail record : QR code < ปิดหน้าต่าง
LEADER : 00000nam 2200000uu 4500
001    13399128321
003     ULIB
008    230607s2565||||th 000 0 tha d
020    ^a9786161111496
060 04 ^aWY159^bก492^cล.1
245 00 ^aการพยาบาลเด็ก^nเล่ม 1 :^bหลักและแนวคิดการพยาบาลเด็กและครอบครัวการพยาบาลทารกแรกเกิด /^cพรทิพย์ ศิริบูรณ์พัฒนา, บรรณาธิการ
250    ^aพิมพ์ครั้งที่ 4
260    ^aนนทบุรี :^bโครงการสวัสดิการวิชาการ สถาบันพระบรมราชชนกกระทรวงสาธารณสุข,^c2565
300    ^a339 หน้า :^bภาพประกอบ ;^c26 ซม.
650  4 ^aการพยาบาลกุมารเวชศาสตร์
700 0  ^aพรทิพย์ ศิริบูรณ์พิพัฒนา,^eบรรณาธิการ
710 2  ^aสถาบันพระบรมราชชนก.^bโครงการสวัสดิการวิชาการ
945    ^p250^l0^i29521
945    ^p250^l0^i29522
945    ^p250^l0^i29523
945    ^p250^l0^i29524
945    ^p250^l0^i29525
999    ^aกัณชพร จุลอักษร
รายการนี้ยังไม่มีแท็ก
คุณยังไม่ได้ล็อกอิน คุณสามารถมีกิจกรรมร่วมกับเว็บไซต์ได้ แต่ต้องล็อกอินก่อน ::
  ล็อกอิน

รายการสื่อสารสนเทศ

ลำดับที่ ประเภท เลขเรียก/บาร์โค้ด สถานที่ สถานะ
1. วิทยาศาสตร์การแพทย์ และสุขภาพ
วิทยาศาสตร์การแพทย์ และสุขภาพ
WY159 ก492 ล.1 ฉ.1 
  Barcode: 29521
ห้องสมุดวิทยาเขตนครสวรรค์
►หนังสือทั่วไป:l:General Books
บนชั้น
2. วิทยาศาสตร์การแพทย์ และสุขภาพ
วิทยาศาสตร์การแพทย์ และสุขภาพ
WY159 ก492 ล.1 ฉ.2 
  Barcode: 29522
ห้องสมุดวิทยาเขตนครสวรรค์
►หนังสือทั่วไป:l:General Books
บนชั้น
3. วิทยาศาสตร์การแพทย์ และสุขภาพ
วิทยาศาสตร์การแพทย์ และสุขภาพ
WY159 ก492 ล.1 ฉ.3 
  Barcode: 29523
ห้องสมุดวิทยาเขตนครสวรรค์
►หนังสือทั่วไป:l:General Books
ถูกยืม กำหนดส่งวันที่ 1 มีนาคม 2569
  จอง
4. วิทยาศาสตร์การแพทย์ และสุขภาพ
วิทยาศาสตร์การแพทย์ และสุขภาพ
WY159 ก492 ล.1 ฉ.4 
  Barcode: 29524
ห้องสมุดวิทยาเขตนครสวรรค์
►หนังสือทั่วไป:l:General Books
บนชั้น
5. วิทยาศาสตร์การแพทย์ และสุขภาพ
วิทยาศาสตร์การแพทย์ และสุขภาพ
WY159 ก492 ล.1 ฉ.5 
  Barcode: 29525
ห้องสมุดวิทยาเขตนครสวรรค์
►หนังสือทั่วไป:l:General Books
บนชั้น

รายการใกล้เคียง
    หัวเรื่อง [การพยาบาลกุมารเวชศาสตร์]

BibComment


ยังไม่เคยถูกคอมเมนท์

คอมเมนท์ทรัพยากรรายการนี้
  คอมเมนท์: การพยาบาลเด็ก เล..


 Copyright 2026. Bcnsprnw @Library